[Event "European Blitz Championship 2021"]
[Site "Katowice"]
[Date "2021.12.17"]
[Round "6.8"]
[White "Gorkiewicz, Mateusz"]
[Black "Kowalczyk, Rafal"]
[Result "0-1"]
[WhiteElo "2028"]
[BlackElo "2252"]
[Annotator "ChessBase"]
[PlyCount "82"]
[EventDate "2021.12.17"]
[EventType "swiss"]
[EventCountry "POL"]
[SourceTitle "playchess.com"]
[Source "ChessBase"]
[SourceQuality "1"]

1. e4 e5 2. Nf3 Nc6 3. Bc4 Nf6 4. d4 exd4 5. e5 d5 6. Bb5 Ne4 7. Nxd4 Bc5 8.
Be3 O-O 9. Bxc6 bxc6 10. O-O Qe8 11. f4 f6 12. exf6 Nxf6 13. Bf2 Ng4 14. Qd2
Bb6 15. c3 Nxf2 16. Rxf2 c5 17. Nf3 d4 18. c4 Bb7 19. Na3 Qe4 20. Ne5 Qf5 21.
Re1 Rae8 22. b3 Re6 23. Nd3 Rfe8 24. Re5 Rxe5 25. Nxe5 g5 26. Nd3 g4 27. Nc2 h5
28. Ne5 Be4 29. Ne1 c6 30. N1d3 h4 31. Qe2 g3 32. hxg3 hxg3 33. Rf1 Bc7 34.
Qg4+ Qxg4 35. Nxg4 Bxd3 36. Nf6+ Kf7 37. Nxe8 Kxe8 38. Rf3 Bb1 39. a3 Bc2 40.
Kf1 d3 41. Ke1 Ba5+ 0-1

[Event "European Blitz Championship 2021"]
[Site "Katowice"]
[Date "2021.12.17"]
[Round "6.9"]
[White "Pakleza, Zbigniew"]
[Black "Kacprzak, Karol"]
[Result "1-0"]
[WhiteElo "2496"]
[BlackElo "2155"]
[Annotator "RC"]
[PlyCount "93"]
[EventDate "2021.12.17"]
[EventType "swiss"]
[EventCountry "POL"]
[SourceTitle "playchess.com"]
[Source "ChessBase"]
[SourceQuality "1"]

1. d4 Nf6 2. Nf3 d5 3. Bf4 c5 4. c3 Nc6 5. Nbd2 e6 6. e3 Bd6 7. Bg3 O-O 8. Bd3
b6 9. Ne5 Bb7 10. f4 Ne7 11. Qb1 Qc8 12. Bh4 Nf5 13. Bf2 Be7 14. O-O Nd6 15.
Bh4 Nf5 16. Bxf6 Bxf6 17. Re1 g6 18. Qd1 Bg7 19. Qe2 Nd6 20. Rad1 Rd8 21. a3 a5
22. h4 Ba6 23. h5 Bxd3 24. Nxd3 Qd7 25. dxc5 bxc5 26. Nxc5 Qc6 27. Nd3 Nc4 28.
Nf3 Qb6 29. Rb1 Rab8 30. Nd4 Rb7 31. a4 Nd6 32. Qg4 Ne4 33. hxg6 hxg6 34. Nb5
Nd6 35. Nd4 Ne4 36. Ne5 Bxe5 37. fxe5 Qc7 38. Qf4 Rdb8 39. Nb5 Qc4 40. Ra1 Rxb5
41. axb5 Rxb5 42. Rab1 a4 43. Rf1 Rb7 44. Ra1 Qc6 45. Rf3 Rxb2 46. Qxf7+ Kh8
47. Rh3# 1-0

[Event "European Blitz Championship 2021"]
[Site "Katowice"]
[Date "2021.12.17"]
[Round "6.9"]
[White "Sowinski, Pawel"]
[Black "Przybylski, Wojciech"]
[Result "0-1"]
[WhiteElo "1548"]
[BlackElo "2247"]
[Annotator "ChessBase"]
[PlyCount "58"]
[EventDate "2021.12.17"]
[EventType "swiss"]
[EventCountry "POL"]
[SourceTitle "playchess.com"]
[Source "ChessBase"]
[SourceQuality "1"]

1. c4 e5 2. Nc3 Nf6 3. Nf3 Nc6 4. e4 Be7 5. g3 O-O 6. Bg2 d6 7. d3 h6 8. h3 Nd4
9. Nxd4 exd4 10. Ne2 c5 11. O-O Rb8 12. a4 a6 13. f4 b5 14. axb5 axb5 15. b3
Bb7 16. f5 Nd7 17. Bf4 Ne5 18. Qd2 Bc6 19. Rfb1 Bf6 20. g4 Rb6 21. Ng3 Bg5 22.
Nh5 g6 23. Ng3 Bxf4 24. Qxf4 Qg5 25. Qxg5 hxg5 26. Bf1 Rfb8 27. Rc1 bxc4 28.
bxc4 Rb2 29. Ra6 Nf3+ 0-1

[Event "European Blitz Championship 2021"]
[Site "Katowice"]
[Date "2021.12.17"]
[Round "6.10"]
[White "Tazbir, Marcin"]
[Black "Warchol, Kamil"]
[Result "1-0"]
[WhiteElo "2508"]
[BlackElo "1706"]
[Annotator "RC"]
[PlyCount "41"]
[EventDate "2021.12.17"]
[EventType "swiss"]
[EventCountry "POL"]
[SourceTitle "playchess.com"]
[Source "ChessBase"]
[SourceQuality "1"]

1. c4 e5 2. g3 Nf6 3. Bg2 c6 4. Nf3 e4 5. Nd4 Qb6 6. Nc2 d5 7. O-O Be7 8. cxd5
cxd5 9. d3 O-O 10. Nc3 Bf5 11. Ne3 Be6 12. dxe4 dxe4 13. Nxe4 Nxe4 14. Bxe4 Bf6
15. Nd5 Bxd5 16. Qxd5 Nc6 17. Be3 Qxb2 18. Rab1 Qxe2 19. Qf5 Rfd8 20. Qxh7+ Kf8
21. Rxb7 1-0

[Event "European Blitz Championship 2021"]
[Site "Katowice"]
[Date "2021.12.17"]
[Round "6.11"]
[White "Kukula, Pawel"]
[Black "Janik, Igor"]
[Result "0-1"]
[WhiteElo "2191"]
[BlackElo "2508"]
[Annotator "RC"]
[PlyCount "150"]
[EventDate "2021.12.17"]
[EventType "swiss"]
[EventCountry "POL"]
[SourceTitle "playchess.com"]
[Source "ChessBase"]
[SourceQuality "1"]

1. d4 Nf6 2. Nf3 b6 3. Nbd2 Bb7 4. e3 c5 5. c3 g6 6. Bd3 Bg7 7. O-O O-O 8. a4
d5 9. Ne5 e6 10. a5 c4 11. Bc2 bxa5 12. b3 cxb3 13. Nxb3 Nfd7 14. Nxa5 Ba6 15.
Nd3 Qc7 16. Qd2 Rc8 17. Bb2 Nb6 18. Rfe1 Nc4 19. Nxc4 Bxc4 20. Nc5 Nd7 21. Nxd7
Qxd7 22. e4 a5 23. Ba3 Qc6 24. Bc5 dxe4 25. Bxe4 Bd5 26. Bxd5 Qxd5 27. Qe3 a4
28. Bb4 Bf8 29. Bxf8 Rxf8 30. h3 a3 31. Red1 Rfc8 32. c4 Rxc4 33. Rxa3 Rxa3 34.
Qxa3 Rxd4 35. Rxd4 Qxd4 36. Qe7 Kg7 37. g3 h6 38. h4 Qd1+ 39. Kg2 Qd5+ 40. Kg1
Qf5 41. Kg2 Qe4+ 42. Kg1 Qf3 43. Qd8 e5 44. Qe7 Qf6 45. Qe8 Qf5 46. Kg2 Qe4+
47. Kg1 Qd4 48. Kg2 e4 49. Qe7 Qd5 50. Kg1 Qe6 51. Qa3 Qe5 52. Qe3 Qd5 53. Kh2
Qd3 54. Qf4 Qf3 55. Qe5+ Qf6 56. Qc5 Qf5 57. Qd4+ Kh7 58. Kg1 g5 59. hxg5 hxg5
60. Qa7 Kg6 61. Qe3 Qe6 62. Kg2 Qc6 63. Kg1 f6 64. Qb3 Kg7 65. Qe3 Qd5 66. Qa7+
Kg6 67. Qe3 Qd3 68. Qc5 Qd1+ 69. Kg2 Qf3+ 70. Kg1 e3 71. Qxe3 Qxe3 72. fxe3 Kf5
73. Kf2 g4 74. Kf1 Ke4 75. Kf2 Kd3 0-1

[Event "European Blitz Championship 2021"]
[Site "Katowice"]
[Date "2021.12.17"]
[Round "6.11"]
[White "Pavlidou, Ekaterini"]
[Black "Kovalenko, Igor"]
[Result "0-1"]
[WhiteElo "2177"]
[BlackElo "2668"]
[Annotator "RC"]
[PlyCount "94"]
[EventDate "2021.12.17"]
[EventType "swiss"]
[EventCountry "POL"]
[SourceTitle "playchess.com"]
[Source "ChessBase"]
[SourceQuality "1"]

1. d4 Nf6 2. c4 e6 3. Nc3 Bb4 4. e3 b6 5. Nf3 Bb7 6. Bd2 O-O 7. Bd3 d5 8. cxd5
exd5 9. Rc1 c5 10. a3 Bxc3 11. bxc3 c4 12. Bb1 Re8 13. Ne5 Nbd7 14. f4 Nxe5 15.
dxe5 Ne4 16. O-O f5 17. a4 Bc8 18. Be1 Be6 19. Qh5 Qd7 20. Bc2 Qf7 21. Qh3 a6
22. Rb1 Reb8 23. Bxe4 dxe4 24. Bh4 b5 25. axb5 Rxb5 26. Rxb5 axb5 27. Rd1 Qh5
28. g4 Qxg4+ 29. Qxg4 fxg4 30. Be7 Kf7 31. Bb4 h5 32. Rd2 h4 33. Kg2 Kg6 34.
Rb2 Ra1 35. Rd2 Re1 36. Kf2 Rc1 37. Rb2 g3+ 38. Kg2 gxh2 39. Kxh2 h3 40. Rd2
Re1 41. Bc5 b4 42. Bxb4 Rxe3 43. Rd6 Kf7 44. Rd2 Rd3 45. Rf2 Bf5 46. Rf1 Rd2+
47. Kh1 e3 0-1

[Event "European Blitz Championship 2021"]
[Site "Katowice"]
[Date "2021.12.17"]
[Round "6.12"]
[White "Skawinski, Arkadiusz"]
[Black "Bernadskiy, Vitaliy"]
[Result "1-0"]
[WhiteElo "2184"]
[BlackElo "2592"]
[Annotator "RC"]
[PlyCount "61"]
[EventDate "2021.12.17"]
[EventType "swiss"]
[EventCountry "POL"]
[SourceTitle "playchess.com"]
[Source "ChessBase"]
[SourceQuality "1"]

1. e4 e5 2. Nf3 d6 3. Bc4 Nf6 4. Nc3 Be7 5. O-O Bg4 6. h3 Bh5 7. Be2 Nc6 8. d3
O-O 9. Nh2 Bg6 10. f4 exf4 11. Bxf4 d5 12. e5 Nd7 13. Nxd5 Bc5+ 14. Be3 Bxe3+
15. Nxe3 Ndxe5 16. Kh1 Re8 17. Neg4 Nxg4 18. Bxg4 Qd4 19. Qd2 Qxb2 20. Rab1
Qxa2 21. Rxb7 a5 22. Bd7 Nd8 23. Rxc7 Re7 24. Qc3 Qd5 25. Bg4 Qe5 26. Rxe7 Qxe7
27. Bf3 Ra7 28. Re1 Ne6 29. Ng4 h5 30. Ne5 Rc7 31. Qxa5 1-0

[Event "European Blitz Championship 2021"]
[Site "Katowice"]
[Date "2021.12.17"]
[Round "6.12"]
[White "Luberanski, Jakub"]
[Black "Gretarsson, Helgi Ass"]
[Result "1-0"]
[WhiteElo "2072"]
[BlackElo "2476"]
[Annotator "RC"]
[PlyCount "79"]
[EventDate "2021.12.17"]
[EventType "swiss"]
[EventCountry "POL"]
[SourceTitle "playchess.com"]
[Source "ChessBase"]
[SourceQuality "1"]

1. d4 g6 2. c4 Bg7 3. Nf3 e6 4. Nc3 Ne7 5. e4 d5 6. e5 Nbc6 7. cxd5 exd5 8. Bg5
O-O 9. Qd2 Bg4 10. Be2 f6 11. exf6 Bxf6 12. Bxf6 Rxf6 13. Qg5 Bxf3 14. Qxf6
Bxg2 15. Rg1 Bh3 16. O-O-O Qf8 17. Qh4 Bf5 18. Bg4 Bxg4 19. Qxg4 Qxf2 20. h4
Rf8 21. h5 Qf4+ 22. Qxf4 Rxf4 23. hxg6 hxg6 24. Nb5 a6 25. Nxc7 Nxd4 26. Rge1
Nec6 27. Nxd5 Rf2 28. Ne7+ Kg7 29. Nxc6 Nxc6 30. Rd7+ Kh6 31. Rxb7 Nd4 32. Kb1
a5 33. Ra7 Rf5 34. a3 Nb3 35. Re3 Nd2+ 36. Kc2 Nc4 37. Rh3+ Kg5 38. Kc3 Rc5 39.
Kd4 Rc8 40. Rc3 1-0

[Event "European Blitz Championship 2021"]
[Site "Katowice"]
[Date "2021.12.17"]
[Round "6.13"]
[White "Donchenko, Alexander"]
[Black "Zylka, Stanislaw"]
[Result "1-0"]
[WhiteElo "2645"]
[BlackElo "2143"]
[Annotator "RC"]
[PlyCount "167"]
[EventDate "2021.12.17"]
[EventType "swiss"]
[EventCountry "POL"]
[SourceTitle "playchess.com"]
[Source "ChessBase"]
[SourceQuality "1"]

1. d4 Nf6 2. c4 g6 3. Nc3 d5 4. Nf3 Bg7 5. Qb3 dxc4 6. Qxc4 O-O 7. e4 Nc6 8.
Be2 e5 9. d5 Nd4 10. Nxd4 exd4 11. Qxd4 c6 12. Qc4 b5 13. Qxc6 Bd7 14. Qd6 Re8
15. e5 b4 16. Qxb4 Rxe5 17. O-O Nxd5 18. Nxd5 Rxe2 19. Rd1 Rb8 20. Qd6 Qe8 21.
Bg5 Ba4 22. Rf1 Rbxb2 23. Nf6+ Bxf6 24. Bxf6 Rb6 25. Qf4 Re4 26. Qf3 Bb5 27.
Rfd1 Be2 28. Qxe4 Re6 29. Qf4 Bxd1 30. h4 Bc2 31. Kh2 h5 32. Rc1 Bf5 33. Ba1
Re4 34. Qg5 Qe7 35. Bf6 Qd6+ 36. Kg1 Rg4 37. Be7 Rxg5 38. Bxd6 Rg4 39. Be7 Ra4
40. a3 Re4 41. Bf6 Re2 42. Rd1 Re8 43. f3 Rc8 44. Kf2 Be6 45. Rd6 Kf8 46. Kg3
Ke8 47. Kf4 Bd7 48. Kg5 Rc6 49. Rd5 Ra6 50. Re5+ Be6 51. Re3 Kd7 52. Rd3+ Kc6
53. Be7 Ra5+ 54. Kh6 Rd5 55. Rc3+ Kb5 56. Kg7 Rd2 57. g3 Rg2 58. Bd6 Rf2 59.
Re3 Rf1 60. Kf8 Kc4 61. Ke7 Kd4 62. Re4+ Kd5 63. Re5+ Kc4 64. Ra5 Rxf3 65. Rxa7
Bd5 66. a4 Re3+ 67. Kf8 f6 68. Kg7 g5 69. Kh6 gxh4 70. gxh4 Re6 71. Bf4 Re4 72.
Bg3 f5 73. Kxh5 f4 74. Bf2 f3 75. a5 Kb5 76. Rc7 Re5+ 77. Kg4 Be4 78. Kf4 Re8
79. Rc5+ Ka6 80. h5 Bc2 81. h6 Rh8 82. Rxc2 Rf8+ 83. Kg3 Rg8+ 84. Kxf3 1-0

[Event "European Blitz Championship 2021"]
[Site "Katowice"]
[Date "2021.12.17"]
[Round "6.13"]
[White "Pultinevicius, Paulius"]
[Black "Baum, Jonasz"]
[Result "1-0"]
[WhiteElo "2546"]
[BlackElo "2157"]
[Annotator "RC"]
[PlyCount "107"]
[EventDate "2021.12.17"]
[EventType "swiss"]
[EventCountry "POL"]
[SourceTitle "playchess.com"]
[Source "ChessBase"]
[SourceQuality "1"]

1. d4 Nf6 2. c4 e6 3. Nf3 d5 4. Nc3 Bb4 5. Bg5 dxc4 6. Qa4+ Nc6 7. Qb5 Qd5 8.
Qxd5 Nxd5 9. Bd2 Bxc3 10. bxc3 b5 11. Rb1 b4 12. e4 bxc3 13. Bc1 Ndb4 14. Bxc4
Nc2+ 15. Ke2 N2xd4+ 16. Nxd4 Nxd4+ 17. Kd3 c2 18. Rb2 c5 19. Be3 e5 20. Kc3 O-O
21. Bd5 Ba6 22. Bxa8 Rxa8 23. Bxd4 cxd4+ 24. Kxc2 Rc8+ 25. Kd2 g6 26. Rc1 Rxc1
27. Kxc1 Bf1 28. f3 Kg7 29. Kd1 a6 30. Ke1 Bb5 31. Rc2 h6 32. g3 f5 33. exf5
gxf5 34. Rc5 Kf6 35. Rd5 Ke6 36. Rd8 Bd7 37. Ra8 Bb5 38. Rd8 Bd7 39. Rh8 Kd5
40. Rxh6 a5 41. Rh5 a4 42. Kd2 a3 43. h4 Be6 44. Rh8 Kc5 45. Ra8 Kb4 46. Re8
Bxa2 47. Rxe5 Bb3 48. Kc1 d3 49. Kd2 a2 50. Re1 Bc2 51. Ra1 Kb3 52. h5 Kb2 53.
Rxa2+ Kxa2 54. h6 1-0

[Event "European Blitz Championship 2021"]
[Site "Katowice"]
[Date "2021.12.17"]
[Round "6.14"]
[White "Andersen, Mads"]
[Black "Swicarz, Maciej"]
[Result "0-1"]
[WhiteElo "2575"]
[BlackElo "2131"]
[Annotator "RC"]
[PlyCount "73"]
[EventDate "2021.12.17"]
[EventType "swiss"]
[EventCountry "POL"]
[SourceTitle "playchess.com"]
[Source "ChessBase"]
[SourceQuality "1"]

1. Nf3 d6 2. d4 Bg4 3. e3 Nd7 4. Be2 c6 5. c4 e5 6. Nc3 Qc7 7. O-O g6 8. e4 Bg7
9. Be3 Ne7 10. d5 O-O 11. Rc1 c5 12. Nh4 Bxe2 13. Qxe2 a6 14. a4 Rab8 15. g4
Kh8 16. Kh1 f5 17. gxf5 gxf5 18. Nxf5 Nxf5 19. exf5 Rxf5 20. Qg4 Rbf8 21. Rg1
R5f7 22. Rg3 Nf6 23. Qh4 Qe7 24. Rcg1 Nxd5 25. Bg5 Nf6 26. Nd5 Qe6 27. Bxf6
Bxf6 28. Qh6 Qf5 29. R1g2 Qb1+ 30. Rg1 Qf5 31. f3 e4 32. f4 Bxb2 33. Rg5 Qd7
34. f5 Rxf5 35. Rxf5 Qxf5 36. Qh4 Bd4 37. Re1 0-1

[Event "European Blitz Championship 2021"]
[Site "Katowice"]
[Date "2021.12.17"]
[Round "6.14"]
[White "Mazurkiewicz, Michal"]
[Black "Klekowski, Maciej"]
[Result "0-1"]
[WhiteElo "2067"]
[BlackElo "2499"]
[Annotator "RC"]
[PlyCount "114"]
[EventDate "2021.12.17"]
[EventType "swiss"]
[EventCountry "POL"]
[SourceTitle "playchess.com"]
[Source "ChessBase"]
[SourceQuality "1"]

1. e4 c5 2. Nf3 Nc6 3. g3 g6 4. Bg2 Bg7 5. O-O e5 6. Nc3 Nge7 7. d3 O-O 8. Nd2
a6 9. a4 Rb8 10. Nc4 d6 11. a5 Be6 12. Nd5 h6 13. c3 Kh7 14. f4 exf4 15. Bxf4
Bxd5 16. exd5 Ne5 17. Re1 Nxc4 18. dxc4 Re8 19. Qd3 Qd7 20. h4 h5 21. Kh2 Ng8
22. Bh3 f5 23. Bg5 Nf6 24. Rf1 Re5 25. Bf4 Re4 26. Rf2 Rbe8 27. Raf1 Qe7 28.
Bg5 Kg8 29. Bxf5 gxf5 30. Rxf5 Ng4+ 31. Kg1 Qd7 32. Qf3 Re1 33. Bd2 Rxf1+ 34.
Qxf1 Rf8 35. Rxf8+ Bxf8 36. Qe2 Qf5 37. Bf4 Kf7 38. b4 Be7 39. bxc5 dxc5 40. d6
Bf6 41. Qd2 Qd7 42. Qd5+ Kg6 43. Qxc5 Bxc3 44. Qg5+ Kf7 45. Qxh5+ Kf8 46. Bh6+
Bg7 47. Bxg7+ Kxg7 48. Qg5+ Kf7 49. c5 Nf6 50. h5 Qg4 51. Qe3 Qxh5 52. Qe7+ Kg6
53. d7 Qd1+ 54. Kf2 Qxd7 55. Qe5 Qf5+ 56. Qxf5+ Kxf5 57. Ke3 Ke5 0-1

[Event "European Blitz Championship 2021"]
[Site "Katowice"]
[Date "2021.12.17"]
[Round "6.15"]
[White "Diermair, Andreas"]
[Black "Froewis, Annika"]
[Result "1-0"]
[WhiteElo "2357"]
[BlackElo "2100"]
[Annotator "ChessBase"]
[PlyCount "88"]
[EventDate "2021.12.17"]
[EventType "swiss"]
[EventCountry "POL"]
[SourceTitle "playchess.com"]
[Source "ChessBase"]
[SourceQuality "1"]

1. d4 d5 2. Nf3 Nf6 3. g3 e6 4. Bg2 Be7 5. O-O O-O 6. c4 dxc4 7. Qc2 a6 8. a4
Bd7 9. Qxc4 Bc6 10. Bg5 Bd5 11. Qc2 Be4 12. Qd1 h6 13. Bxf6 Bxf6 14. Nc3 Bxf3
15. Bxf3 c6 16. Qb3 Qc7 17. e3 a5 18. Rac1 Na6 19. Ne4 Be7 20. Nd2 Nb4 21. Nc4
Rfd8 22. Rfd1 Ra6 23. h4 Bf6 24. Kg2 Kh8 25. Rd2 Kg8 26. Qd1 Raa8 27. Be4 Qe7
28. Qf3 Nd5 29. Bb1 b5 30. Na3 b4 31. Nc4 g6 32. h5 Kg7 33. hxg6 fxg6 34. Qg4
Qf7 35. e4 Ne7 36. e5 Bg5 37. f4 Bxf4 38. Qxf4 Nf5 39. Bxf5 exf5 40. Nd6 Qd5+
41. Qf3 Qa2 42. Qxc6 Ra7 43. Nc4 Rad7 44. Rcd1 Qb3 1-0

[Event "European Blitz Championship 2021"]
[Site "Katowice"]
[Date "2021.12.17"]
[Round "6.15"]
[White "Tymrakiewicz, Rafal"]
[Black "Mirzoev, Emil"]
[Result "1-0"]
[WhiteElo "2172"]
[BlackElo "2474"]
[Annotator "RC"]
[PlyCount "101"]
[EventDate "2021.12.17"]
[EventType "swiss"]
[EventCountry "POL"]
[SourceTitle "playchess.com"]
[Source "ChessBase"]
[SourceQuality "1"]

1. e4 c5 2. c3 Nf6 3. e5 Nd5 4. Nf3 d6 5. exd6 e6 6. d4 cxd4 7. cxd4 Bxd6 8.
Nc3 O-O 9. Bd3 Be7 10. O-O b6 11. Qe2 Nf6 12. Bg5 Bb7 13. Rad1 Nbd7 14. Ne5 Nd5
15. Qh5 g6 16. Bxe7 Qxe7 17. Qh6 Nxc3 18. Nxd7 Qxd7 19. bxc3 Qc6 20. Qh3 Qxc3
21. Rc1 Qxd4 22. Rc7 Bd5 23. Rfc1 a5 24. Qg3 Rad8 25. h4 Bxg2 26. R1c3 Be4 27.
R7c4 Qxd3 28. Rxd3 Rxd3 29. Qe5 Rd1+ 30. Kh2 Bd5 31. Rd4 Rh1+ 32. Kg3 Rc8 33.
Rxd5 exd5 34. Qxd5 Rhc1 35. h5 R1c3+ 36. Kg2 R3c5 37. Qd7 Rg5+ 38. Kf3 Rcc5 39.
h6 Rgf5+ 40. Kg2 Rg5+ 41. Kf3 Rgf5+ 42. Ke2 Rfe5+ 43. Kf1 Rc1+ 44. Kg2 Rg5+ 45.
Kf3 Rf5+ 46. Ke3 Re1+ 47. Kd2 Kf8 48. Kxe1 Re5+ 49. Kf1 g5 50. Qd8+ Re8 51.
Qxg5 1-0

[Event "European Blitz Championship 2021"]
[Site "Katowice"]
[Date "2021.12.17"]
[Round "6.16"]
[White "Lis, Mateusz"]
[Black "Piesik, Piotr"]
[Result "0-1"]
[WhiteElo "2061"]
[BlackElo "2336"]
[Annotator "ChessBase"]
[PlyCount "82"]
[EventDate "2021.12.17"]
[EventType "swiss"]
[EventCountry "POL"]
[SourceTitle "playchess.com"]
[Source "ChessBase"]
[SourceQuality "1"]

1. e4 g6 2. d4 Bg7 3. Nc3 c6 4. Be3 d5 5. e5 Nh6 6. Bd3 Nf5 7. Bxf5 Bxf5 8. f3
f6 9. g4 Be6 10. exf6 exf6 11. Qd2 Nd7 12. O-O-O b5 13. Bh6 Kf7 14. Bxg7 Kxg7
15. h4 h6 16. Nh3 Nb6 17. Nf4 Bf7 18. Qd3 Re8 19. Rhe1 Qd6 20. Ng2 Nc4 21. Rxe8
Rxe8 22. Re1 Qb4 23. Rxe8 Qxb2+ 24. Kd1 Bxe8 25. g5 fxg5 26. hxg5 hxg5 27. Ne3
Nd6 28. Ng4 Bd7 29. Qe3 Nf7 30. Ne5 Bf5 31. Qd2 Qa1+ 32. Ke2 Qg1 33. Nxf7 Kxf7
34. Nd1 g4 35. Qf4 gxf3+ 36. Qxf3 Qxd4 37. Ne3 Qe4 38. Qg3 d4 39. Qc7+ Ke8 40.
Qb8+ Ke7 41. Qc7+ Bd7 0-1

[Event "European Blitz Championship 2021"]
[Site "Katowice"]
[Date "2021.12.17"]
[Round "6.17"]
[White "Mica, Marek"]
[Black "Jagodzinski, Piotr"]
[Result "1-0"]
[WhiteElo "2055"]
[BlackElo "2298"]
[Annotator "ChessBase"]
[PlyCount "95"]
[EventDate "2021.12.17"]
[EventType "swiss"]
[EventCountry "POL"]
[SourceTitle "playchess.com"]
[Source "ChessBase"]
[SourceQuality "1"]

1. c4 Nf6 2. Nf3 e6 3. g3 d5 4. Bg2 Be7 5. O-O O-O 6. d4 dxc4 7. Qc2 b5 8. a4
b4 9. Nfd2 c6 10. Nxc4 Qxd4 11. Rd1 Qc5 12. Be3 Qh5 13. Nbd2 Ng4 14. Nf3 e5 15.
Bd2 Bc5 16. Be1 Bf5 17. e4 Be6 18. h3 Nf6 19. g4 Nxg4 20. hxg4 Bxg4 21. Ncxe5
Bxf3 22. Nxf3 Na6 23. Rac1 Rae8 24. Qc4 Qg6 25. Qxa6 Bb6 26. Qd3 Re6 27. e5 Qg4
28. Rc4 Qg3 29. Kf1 Qg6 30. Qxg6 Rxg6 31. Bxb4 Re8 32. a5 Bc7 33. Rcd4 h5 34.
Rd7 Bxe5 35. Rd8 Rxd8 36. Rxd8+ Kh7 37. Nxe5 Rf6 38. Be4+ Kh6 39. Bd2+ g5 40.
Rh8+ Kg7 41. Rh7+ Kg8 42. Bxg5 Re6 43. f4 f6 44. Bc2 fxg5 45. Bb3 Kxh7 46. Bxe6
gxf4 47. Nxc6 a6 48. Bc8 1-0

[Event "European Blitz Championship 2021"]
[Site "Katowice"]
[Date "2021.12.17"]
[Round "6.18"]
[White "Kowalski, Igor"]
[Black "Seemann, Jakub"]
[Result "1-0"]
[WhiteElo "2276"]
[BlackElo "2296"]
[Annotator "ChessBase"]
[PlyCount "95"]
[EventDate "2021.12.17"]
[EventType "swiss"]
[EventCountry "POL"]
[SourceTitle "playchess.com"]
[Source "ChessBase"]
[SourceQuality "1"]

1. d4 Nf6 2. Nf3 g6 3. Nc3 Bg7 4. e4 d6 5. Bc4 O-O 6. Qe2 c5 7. e5 Ne8 8. dxc5
dxe5 9. Bg5 Nc6 10. Nd5 Qa5+ 11. c3 Nf6 12. b4 Qd8 13. Rd1 Nxd5 14. Bxd5 Qc7
15. Nd2 Bf5 16. Ne4 Rad8 17. O-O h6 18. Bh4 Rd7 19. Ng3 e6 20. Nxf5 exd5 21.
Nd6 d4 22. b5 Na5 23. cxd4 exd4 24. Rc1 b6 25. Ne4 Rd5 26. c6 Qe5 27. Bg3 Qf5
28. Rfd1 Rxb5 29. Nd6 d3 30. Qxd3 Qxd3 31. Rxd3 Rc5 32. Rxc5 bxc5 33. c7 c4 34.
Rd1 c3 35. c8=Q Rxc8 36. Nxc8 Nc4 37. Nd6 c2 38. Rc1 Na3 39. Bf4 g5 40. Be3 Bb2
41. Kf1 Kf8 42. Ke2 Ke7 43. Nf5+ Kf6 44. Nxh6 Ke5 45. Nxf7+ Ke4 46. Nxg5+ Kd5
47. Kd3 Bxc1 48. Bxc1 1-0

[Event "European Blitz Championship 2021"]
[Site "Katowice"]
[Date "2021.12.17"]
[Round "6.18"]
[White "Sliwicka, Alicja"]
[Black "Teclaf, Pawel"]
[Result "1-0"]
[WhiteElo "2155"]
[BlackElo "2543"]
[Annotator "RC"]
[PlyCount "69"]
[EventDate "2021.12.17"]
[EventType "swiss"]
[EventCountry "POL"]
[SourceTitle "playchess.com"]
[Source "ChessBase"]
[SourceQuality "1"]

1. e4 d6 2. d4 Nf6 3. Nc3 c6 4. f4 Qb6 5. Nf3 Bg4 6. Be2 Nbd7 7. h3 Bxf3 8.
Bxf3 e5 9. Ne2 d5 10. fxe5 dxe4 11. Bg4 Nxg4 12. hxg4 O-O-O 13. Bf4 f6 14. exf6
Nxf6 15. g5 Nd5 16. O-O Be7 17. Qc1 Qa6 18. Ng3 Rhf8 19. Be5 e3 20. c4 Nb4 21.
a3 Nd3 22. Qxe3 Qxc4 23. Nf5 Rfe8 24. Qh3 Qe6 25. Qxd3 Qxe5 26. Qh3 Qa5 27.
Nxe7+ Kb8 28. Nf5 g6 29. Nh4 Qxg5 30. Nf3 Qe3+ 31. Rf2 h5 32. Qg3+ Ka8 33. Qg5
Qb3 34. Raf1 a6 35. Ne5 1-0

[Event "European Blitz Championship 2021"]
[Site "Katowice"]
[Date "2021.12.17"]
[Round "6.19"]
[White "Blohberger, Felix"]
[Black "Bogdanov, Ignat"]
[Result "1-0"]
[WhiteElo "2490"]
[BlackElo "2116"]
[Annotator "RC"]
[PlyCount "71"]
[EventDate "2021.12.17"]
[EventType "swiss"]
[EventCountry "POL"]
[SourceTitle "playchess.com"]
[Source "ChessBase"]
[SourceQuality "1"]

1. Nf3 Nf6 2. d4 d5 3. Bf4 e6 4. e3 Bd6 5. Nbd2 Bxf4 6. exf4 c5 7. dxc5 Qc7 8.
g3 Qxc5 9. Bd3 Nc6 10. c3 Qb6 11. Rb1 Bd7 12. O-O O-O 13. Qe2 d4 14. Nc4 Qc5
15. b4 Qe7 16. b5 Nd8 17. cxd4 a6 18. Nb6 Rb8 19. bxa6 bxa6 20. Nxd7 Nxd7 21.
Bxa6 Ra8 22. a4 Qd6 23. Bb5 Nb6 24. Qe5 Qe7 25. Ra1 Nd5 26. Rfe1 Qb7 27. Qe4
Nc3 28. Qxb7 Nxb7 29. Bc6 Ra7 30. Ra3 Nd5 31. Bxd5 exd5 32. Re7 Rb8 33. Ne5 Ra6
34. Rb3 f6 35. Nd7 Rd8 36. Rxb7 1-0

[Event "European Blitz Championship 2021"]
[Site "Katowice"]
[Date "2021.12.17"]
[Round "6.20"]
[White "Wisniewski, Michal"]
[Black "Rog, Bartlomiej"]
[Result "1-0"]
[WhiteElo "2215"]
[BlackElo "1719"]
[Annotator "ChessBase"]
[PlyCount "65"]
[EventDate "2021.12.17"]
[EventType "swiss"]
[EventCountry "POL"]
[SourceTitle "playchess.com"]
[Source "ChessBase"]
[SourceQuality "1"]

1. f3 e5 2. Kf2 d5 3. e3 Nf6 4. d4 e4 5. c4 exf3 6. gxf3 c6 7. Nc3 Bd6 8. Nge2
O-O 9. Ng3 Re8 10. Bd3 dxc4 11. Bxc4 Nbd7 12. Qb3 Rf8 13. e4 Bxg3+ 14. hxg3 Nb6
15. Be3 Nxc4 16. Qxc4 Be6 17. Qc5 Qb6 18. Qa3 Qc7 19. Rac1 Nd7 20. d5 Ne5 21.
dxe6 Nd3+ 22. Kg2 Nxc1 23. e7 Rfe8 24. Rxc1 Rxe7 25. Nd5 cxd5 26. Rxc7 Rxc7 27.
exd5 Rd7 28. d6 Rad8 29. Bf4 f6 30. Qb3+ Kh8 31. g4 Re8 32. Qa4 Red8 33. Qxa7
1-0

[Event "European Blitz Championship 2021"]
[Site "Katowice"]
[Date "2021.12.17"]
[Round "6.20"]
[White "Putlak, Wojciech"]
[Black "Sadzikowski, Daniel"]
[Result "1-0"]
[WhiteElo "2153"]
[BlackElo "2525"]
[Annotator "RC"]
[PlyCount "69"]
[EventDate "2021.12.17"]
[EventType "swiss"]
[EventCountry "POL"]
[SourceTitle "playchess.com"]
[Source "ChessBase"]
[SourceQuality "1"]

1. Nf3 d5 2. d4 Nf6 3. g3 c5 4. c3 Nc6 5. Bg2 cxd4 6. cxd4 Bf5 7. O-O e6 8. Nc3
Be7 9. a3 O-O 10. Bf4 Rc8 11. Rc1 Na5 12. Ne5 Nd7 13. e4 dxe4 14. Nxe4 Rxc1 15.
Qxc1 Nb6 16. Rd1 Qc8 17. Nc5 Nd5 18. Bd2 Nc6 19. Nxc6 Qxc6 20. Nb3 Rc8 21. Na5
Qd7 22. Qa1 b6 23. Nb3 Bc2 24. Rc1 Bxb3 25. Qb1 Nf6 26. Bc3 Bd5 27. Bf1 Bb7 28.
Bg2 Bxg2 29. Kxg2 Nd5 30. Qd3 Nxc3 31. Rxc3 Rxc3 32. Qxc3 h6 33. Kg1 Bf6 34.
Qf3 Bxd4 35. b3 1-0